000 00608nam a2200205 i 4500
001 108141
003 ES-MaACL
005 20230906184603.0
007 t|
008 070124s1972 fr ||||1| fre d
080 _a821.133.1-92"19"
100 1 _aSternberg, Jacques.
_9108135
245 1 0 _aLettre aux gens malheureux et qui ont bien raison de l'ĂȘtre /
_cJacques Sternberg.
260 _aParis :
_bEric Losfeld,
_c[1972]
300 _a141 p. ;
_c21 cm.
490 1 _aL'extricable ;
_v2
830 0 _aL'extricable ;
_v2
_9232929
852 _aES-MaACL
_jE-11536
_bR.139537
999 _c108141
_d108141